[Event "Titled Tuesday intern op 19th Apr Early"]
[Site "Chess.com INT"]
[Date "2022.04.19"]
[Round "10"]
[White "Bachmann, Axel"]
[Black "Meekins, Kristopher"]
[Result "1-0"]
[WhiteElo "2588"]
[BlackElo "2111"]
[PlyCount "137"]
[EventDate "2022.04.19"]
[EventType "swiss (blitz)"]
[EventRounds "11"]
[EventCountry "USA"]
[SourceTitle "EXT 2023"]
[Source "ChessBase"]
[SourceDate "2022.10.05"]
[SourceVersion "1"]
[SourceVersionDate "2022.10.05"]
[SourceQuality "1"]

1. d4 Nf6 2. g3 e6 3. c4 d5 4. Nf3 dxc4 5. Bg2 b5 6. 0-0 Bb7 7. b3 cxb3 8. Qxb3 a6 9. Nc3 Nbd7 10. Bf4 Nd5 11. Nxd5 Bxd5 12. Qc2 Bd6 13. e4 Bb7 14. e5 Be7 15. Rac1 c5 16. dxc5 Nxc5 17. Rfd1 Bd5 18. Ng5 Bxg5 19. Bxg5 Qxg5 20. Qxc5 Bxg2 21. Kxg2 Rd8 22. Qc6+ Kf8 23. Qc5+ Kg8 24. Qc7 Rxd1 25. Rxd1 h5 26. h4 Qf5 27. Rd4 Kh7 28. Rf4 Qg6 29. Rxf7 Rc8 30. Qe7 Rc2 31. Rf4 Qd3 32. Qxe6 Qg6 33. Qd5 Re2 34. Qd6 Qxd6 35. exd6 Rd2 36. Rf5 g6 37. Rf7+ Kg8 38. Rf6 Kg7 39. Re6 Kf7 40. Re7+ Kf6 41. Rd7 Ke6 42. Rd8 Rxd6 43. Rf8 Kd5 44. Rf3 a5 45. Rb3 Kc5 46. Kf3 b4 47. Ke4 a4 48. Rb1 Kc4 49. Rc1+ Kb5 50. Rc8 b3 51. Rb8+ Kc4 52. axb3+ axb3 53. Rc8+ Kb4 54. Ke5 Rd2 55. Ke4 Rxf2 56. Ke3 Rg2 57. Kf3 Rc2 58. Rb8+ Kc3 59. Rc8+ Kd2 60. Rd8+ Kc1 61. Rd6 b2 62. Rxg6 b1Q 63. Kf4 Qb4+ 64. Kg5 Rc5+ 65. Kh6 Qe4 66. Rg5 Rxg5 67. hxg5 Qg4 68. g6 Qxg3 69. g7 1-0

[Event "Titled Tuesday intern op 19th Apr Early"]
[Site "Chess.com INT"]
[Date "2022.04.19"]
[Round "7"]
[White "Dobre, Claudiu Cristian"]
[Black "Meekins, Kristopher"]
[Result "1-0"]
[WhiteElo "2285"]
[BlackElo "2111"]
[PlyCount "101"]
[EventDate "2022.04.19"]
[EventType "swiss (blitz)"]
[EventRounds "11"]
[EventCountry "USA"]
[SourceTitle "EXT 2023"]
[Source "ChessBase"]
[SourceDate "2022.10.05"]
[SourceVersion "1"]
[SourceVersionDate "2022.10.05"]
[SourceQuality "1"]

1. c4 e5 2. Nc3 Nc6 3. Nf3 Nf6 4. e3 d5 5. cxd5 Nxd5 6. Bb5 Nxc3 7. dxc3 Qxd1+ 8. Kxd1 Bd6 9. e4 Bd7 10. Be3 a6 11. Bc4 f6 12. a4 0-0-0 13. Ke2 h5 14. a5 h4 15. h3 g5 16. Nh2 Ne7 17. Ng4 Rdf8 18. b4 Bc6 19. f3 f5 20. exf5 Nxf5 21. Be6+ Kb8 22. Bxf5 Rxf5 23. Nf2 Re8 24. Ne4 Bxe4 25. fxe4 Rff8 26. Rhf1 Rg8 27. Kf3 Kc8 28. Kg4 Kd7 29. Rf5 Re6 30. Raf1 Reg6 31. Rf6 Be7 32. Rxg6 Rxg6 33. Rf5 Ke6 34. Bxg5 Bxg5 35. Rxg5 Rf6 36. Kxh4 Rf2 37. Rg7 Kd6 38. g4 Rf3 39. Rg6+ Kd7 40. c4 Re3 41. b5 axb5 42. cxb5 Rxe4 43. a6 bxa6 44. bxa6 Ra4 45. Kg5 e4 46. Kf4 c5 47. h4 e3+ 48. Kxe3 Ra3+ 49. Ke4 c4 50. Kd4 c3 51. Kd3 1-0

[Event "Titled Tuesday intern op 19th Apr Early"]
[Site "Chess.com INT"]
[Date "2022.04.19"]
[Round "8"]
[White "Meekins, Kristopher"]
[Black "Reprintsev, Alexander"]
[Result "0-1"]
[WhiteElo "2111"]
[BlackElo "2353"]
[PlyCount "88"]
[EventDate "2022.04.19"]
[EventType "swiss (blitz)"]
[EventRounds "11"]
[EventCountry "USA"]
[SourceTitle "EXT 2023"]
[Source "ChessBase"]
[SourceDate "2022.10.05"]
[SourceVersion "1"]
[SourceVersionDate "2022.10.05"]
[SourceQuality "1"]

1. e4 d5 2. d4 dxe4 3. Nc3 e5 4. Bc4 Qxd4 5. Qe2 Bb4 6. Bd2 Nf6 7. f3 Bf5 8. 0-0-0 0-0 9. fxe4 Bxc3 10. Bxc3 Qxe4 11. Qxe4 Bxe4 12. Nf3 Bxf3 13. gxf3 Nc6 14. f4 Rfe8 15. fxe5 Nxe5 16. Bb3 Ne4 17. Bd4 c5 18. Bd5 cxd4 19. Bxe4 Nc6 20. Bxc6 bxc6 21. Rxd4 Re6 22. Rhd1 g5 23. b3 Kg7 24. Rd7 a6 25. Rf1 Rf8 26. Ra7 c5 27. Rc7 Kg6 28. Rxc5 f5 29. a4 h5 30. b4 g4 31. b5 h4 32. c4 Kg5 33. Rc7 g3 34. hxg3 hxg3 35. a5 f4 36. b6 f3 37. b7 g2 38. Rg1 Rb8 39. Rf7 Rf6 40. Rg7+ Rg6 41. Rf7 Kg4 42. c5 Kg3 43. Rc7 f2 44. Rd1 f1Q 0-1

[Event "Titled Tuesday intern op 19th Apr Early"]
[Site "Chess.com INT"]
[Date "2022.04.19"]
[Round "2"]
[White "Rathnakaran, Kantholi"]
[Black "Meekins, Kristopher"]
[Result "1-0"]
[WhiteElo "2337"]
[BlackElo "2111"]
[PlyCount "99"]
[EventDate "2022.04.19"]
[EventType "swiss (blitz)"]
[EventRounds "11"]
[EventCountry "USA"]
[SourceTitle "EXT 2023"]
[Source "ChessBase"]
[SourceDate "2022.10.05"]
[SourceVersion "1"]
[SourceVersionDate "2022.10.05"]
[SourceQuality "1"]

1. e4 c5 2. Nf3 e6 3. d4 cxd4 4. Nxd4 a6 5. c4 Qc7 6. Nc3 Nc6 7. Be3 Nf6 8. Bd3 Be7 9. 0-0 0-0 10. Kh1 d6 11. f4 Bd7 12. Nf3 Rfe8 13. Rc1 Rac8 14. a3 Qb8 15. b4 Bf8 16. Bb6 g6 17. Ne2 Bg7 18. Ng3 h6 19. Bb1 Ne7 20. e5 Nh7 21. exd6 Nf5 22. Nxf5 exf5 23. c5 Nf6 24. a4 Ng4 25. h3 Ne3 26. Qb3 Nxf1 27. Rxf1 Re6 28. Ba2 Rce8 29. b5 axb5 30. axb5 Qc8 31. Qc4 Kh7 32. Bb3 Re4 33. Qxf7 Bxb5 34. Rd1 Qd7 35. Nh4 R4e6 36. Bxe6 Rxe6 37. Qxd7 Bxd7 38. Nf3 Re4 39. Ne5 Bxe5 40. fxe5 Rxe5 41. Kg1 Kg8 42. Ra1 Kf7 43. Ra8 Bc6 44. Rh8 h5 45. Rh7+ Ke6 46. Bc7 Rd5 47. Re7+ Kf6 48. Bd8 Rd1+ 49. Kf2 Rd2+ 50. Re2+ 1-0

[Event "Titled Tuesday intern op 08th June"]
[Site "Chess.com INT"]
[Date "2021.06.08"]
[Round "6"]
[White "Meekins, Kristopher"]
[Black "Romanchuk, Viktor"]
[Result "0-1"]
[WhiteElo "2146"]
[BlackElo "2266"]
[PlyCount "126"]
[EventDate "2021.06.08"]
[EventType "swiss (blitz)"]
[EventRounds "11"]
[EventCountry "USA"]
[SourceTitle "CBM 202 Extra"]
[Source "ChessBase"]
[SourceDate "2021.07.31"]
[SourceVersion "1"]
[SourceVersionDate "2021.07.31"]
[SourceQuality "1"]

1. e4 e6 2. d4 d5 3. Nd2 dxe4 4. Nxe4 Nd7 5. Bg5 Ngf6 6. Nf3 h6 7. Bxf6 Nxf6 8. Nxf6+ gxf6 9. Bd3 c5 10. dxc5 Qa5+ 11. c3 Qxc5 12. Qe2 Bd7 13. 0-0-0 0-0-0 14. Kb1 Ba4 15. Bc2 Bc6 16. Be4 Bb5 17. Qe3 Rxd1+ 18. Rxd1 Qxe3 19. fxe3 Be7 20. Nd4 Be8 21. Bf3 Kc7 22. g3 f5 23. e4 fxe4 24. Bxe4 h5 25. Nf3 h4 26. g4 h3 27. Rd3 Bb5 28. Re3 Bd6 29. b3 Rg8 30. c4 Be8 31. g5 Bf4 32. Rd3 Bxg5 33. Nxg5 Rxg5 34. Rxh3 Re5 35. Bd3 f5 36. Kc2 Bc6 37. Kd2 a5 38. Rh7+ Kd6 39. h4 Kc5 40. h5 f4 41. Rf7 f3 42. h6 Rh5 43. h7 e5 44. Rf8 e4 45. h8Q Rxh8 46. Rxh8 exd3 47. Rf8 Kb4 48. Kxd3 Ka3 49. Kc3 Kxa2 50. Ra8 Kb1 51. Rxa5 Kc1 52. Rf5 Kd1 53. b4 Ke2 54. b5 Be4 55. Rf4 Ke3 56. Rf8 f2 57. c5 Bf3 58. Re8+ Kf4 59. Rf8+ Ke4 60. c6 bxc6 61. bxc6 f1Q 62. c7 Qc1+ 63. Kb4 Qxc7 0-1

[Event "Titled Tuesday intern op 11th May"]
[Site "Chess.com INT"]
[Date "2021.05.11"]
[Round "7"]
[White "Horak, Martin"]
[Black "Meekins, Kristopher"]
[Result "0-1"]
[WhiteElo "2330"]
[BlackElo "2146"]
[PlyCount "70"]
[EventDate "2021.05.11"]
[EventType "swiss (blitz)"]
[EventRounds "11"]
[EventCountry "USA"]
[SourceTitle "CBM 202 Extra"]
[Source "ChessBase"]
[SourceDate "2021.07.31"]
[SourceVersion "1"]
[SourceVersionDate "2021.07.31"]
[SourceQuality "1"]

1. e4 e5 2. f4 d5 3. exd5 c6 4. Nc3 exf4 5. Nf3 cxd5 6. d4 Bd6 7. Bb5+ Nc6 8. 0-0 Nge7 9. Ne5 0-0 10. Bxf4 Nxe5 11. dxe5 Bc5+ 12. Kh1 Be6 13. Bd3 Ng6 14. Bg3 Qg5 15. Qe2 h5 16. Bxg6 Qxg6 17. Nb5 Bf5 18. c3 Bd3 19. Qd2 Bxb5 20. Rfe1 Bd3 21. Rad1 Be4 22. b4 Bb6 23. a4 a6 24. a5 Ba7 25. Qe2 Qg4 26. Qf1 h4 27. Bf2 h3 28. Bg3 hxg2+ 29. Qxg2 Bxg2+ 30. Kxg2 Rac8 31. Rd3 Qe6 32. Red1 Rc4 33. Kh1 Rfc8 34. Be1 Qxe5 35. Rg3 Qe4+ 0-1

[Event "Titled Tuesday intern op 11th May"]
[Site "Chess.com INT"]
[Date "2021.05.11"]
[Round "4"]
[White "Krassilnikov, Evgeni"]
[Black "Meekins, Kristopher"]
[Result "1/2-1/2"]
[WhiteElo "2381"]
[BlackElo "2146"]
[PlyCount "113"]
[EventDate "2021.05.11"]
[EventType "swiss (blitz)"]
[EventRounds "11"]
[EventCountry "USA"]
[SourceTitle "CBM 202 Extra"]
[Source "ChessBase"]
[SourceDate "2021.07.31"]
[SourceVersion "1"]
[SourceVersionDate "2021.07.31"]
[SourceQuality "1"]

1. e4 e5 2. Nc3 Nc6 3. g3 Nf6 4. Bg2 Bc5 5. Nge2 d6 6. d3 Bg4 7. h3 Bh5 8. g4 Bg6 9. Na4 Bb6 10. Nxb6 axb6 11. Ng3 h6 12. 0-0 d5 13. exd5 Nxd5 14. Qf3 Nf6 15. Nf5 Bxf5 16. Qxf5 0-0 17. c3 Qd7 18. Qxd7 Nxd7 19. Be3 Rfd8 20. Rfd1 Nf6 21. a3 Nd5 22. Be4 Nxe3 23. fxe3 g6 24. Rf1 Rd6 25. Rf2 Rad8 26. Raf1 R8d7 27. Kg2 Nd8 28. d4 exd4 29. exd4 c6 30. Bc2 c5 31. dxc5 bxc5 32. Bb3 b5 33. a4 bxa4 34. Bxa4 Rb7 35. h4 Ne6 36. Re1 Rdb6 37. b3 Rd6 38. Re3 Kg7 39. Kg3 Rc7 40. Rfe2 c4 41. b4 g5 42. hxg5 hxg5 43. Bb5 Nf4 44. Rf3 Rd3 45. Ree3 Rd5 46. Ba4 f6 47. Rf2 Ng6 48. Rfe2 Ne5 49. Bc2 Ra7 50. Be4 Rd6 51. Bf5 Ra3 52. Be4 Rb3 53. Bc2 Rb2 54. Bf5 Rb3 55. Bc2 Rb2 56. Bf5 Rb3 57. Bc2 1/2-1/2

[Event "Titled Tuesday intern op 11th May"]
[Site "Chess.com INT"]
[Date "2021.05.11"]
[Round "1"]
[White "Meekins, Kristopher"]
[Black "Kubicka, Anna"]
[Result "1-0"]
[WhiteElo "2146"]
[BlackElo "2235"]
[PlyCount "77"]
[EventDate "2021.05.11"]
[EventType "swiss (blitz)"]
[EventRounds "11"]
[EventCountry "USA"]
[SourceTitle "CBM 202 Extra"]
[Source "ChessBase"]
[SourceDate "2021.07.31"]
[SourceVersion "1"]
[SourceVersionDate "2021.07.31"]
[SourceQuality "1"]

1. e4 c5 2. d4 cxd4 3. c3 d3 4. Bxd3 Nc6 5. c4 d6 6. Nf3 g6 7. h3 Bg7 8. 0-0 Nf6 9. Nc3 0-0 10. Be3 Be6 11. Rc1 a6 12. Qd2 Rc8 13. b3 Nd7 14. Rfd1 Nce5 15. Be2 Nxf3+ 16. Bxf3 Ne5 17. Be2 Qc7 18. Bh6 Bxh6 19. Qxh6 Qc5 20. Qd2 Nc6 21. Nd5 Bxd5 22. cxd5 Qb6 23. dxc6 bxc6 24. Qd4 Qa5 25. Qd2 Qb6 26. Rc3 c5 27. Kh2 a5 28. Bc4 Rcd8 29. Rf3 Kg7 30. Qg5 f6 31. Qg4 Qc7 32. Kg1 Ra8 33. a4 Rab8 34. Re3 Rbe8 35. f4 Qc8 36. f5 Kh8 37. Be6 gxf5 38. Bxf5 Qb8 39. Qh5 1-0

[Event "Titled Tuesday intern op 11th May"]
[Site "Chess.com INT"]
[Date "2021.05.11"]
[Round "2"]
[White "Meekins, Kristopher"]
[Black "Nazaretyan, Tigran"]
[Result "0-1"]
[WhiteElo "2146"]
[BlackElo "2316"]
[PlyCount "102"]
[EventDate "2021.05.11"]
[EventType "swiss (blitz)"]
[EventRounds "11"]
[EventCountry "USA"]
[SourceTitle "CBM 202 Extra"]
[Source "ChessBase"]
[SourceDate "2021.07.31"]
[SourceVersion "1"]
[SourceVersionDate "2021.07.31"]
[SourceQuality "1"]

1. e4 c5 2. d4 cxd4 3. c3 Nf6 4. e5 Nd5 5. Qxd4 e6 6. Nf3 Nc6 7. Qe4 d6 8. g3 dxe5 9. Nxe5 Qf6 10. Nxc6 bxc6 11. c4 Bb4+ 12. Nd2 Ne7 13. a3 Bxd2+ 14. Bxd2 Qxb2 15. Rb1 Qf6 16. Bd3 e5 17. Qe2 Bf5 18. Bc3 Bxd3 19. Qxd3 0-0 20. 0-0 Qe6 21. Qe4 f6 22. Rb7 Rfb8 23. Rfb1 Rxb7 24. Rxb7 Nf5 25. Rc7 Rc8 26. Rxc8+ Qxc8 27. f4 Nd6 28. Qd3 Qe6 29. fxe5 fxe5 30. c5 Nb5 31. Bb2 h6 32. Qe3 e4 33. Kg2 Qf5 34. Qf2 Qd5 35. Qe3 Nc7 36. Qc3 Ne6 37. Qe5 Qxe5 38. Bxe5 Nxc5 39. Bd4 Na4 40. Bxa7 Kf7 41. Kf2 Ke6 42. Ke3 Kd5 43. Bd4 g6 44. Ba1 h5 45. h3 c5 46. g4 c4 47. gxh5 gxh5 48. Kd2 Nc5 49. Kc3 e3 50. Bb2 Nd3 51. Ba1 e2 0-1

[Event "Titled Tuesday intern op 11th May"]
[Site "Chess.com INT"]
[Date "2021.05.11"]
[Round "8"]
[White "Meekins, Kristopher"]
[Black "Roque Sola, Gisela"]
[Result "1-0"]
[WhiteElo "2146"]
[BlackElo "2046"]
[PlyCount "37"]
[EventDate "2021.05.11"]
[EventType "swiss (blitz)"]
[EventRounds "11"]
[EventCountry "USA"]
[SourceTitle "CBM 202 Extra"]
[Source "ChessBase"]
[SourceDate "2021.07.31"]
[SourceVersion "1"]
[SourceVersionDate "2021.07.31"]
[SourceQuality "1"]

1. e4 e6 2. d4 d5 3. Nd2 c5 4. exd5 Qxd5 5. Ngf3 cxd4 6. Bc4 Qd8 7. Qe2 Nc6 8. Nb3 Nf6 9. Bg5 Bd6 10. 0-0-0 0-0 11. Nbxd4 Nxd4 12. Rxd4 Qc7 13. Bd3 Nd5 14. g3 f6 15. Bd2 Kh8 16. Rh4 f5 17. Ng5 h6 18. Nxe6 Bxe6 19. Qxe6 1-0

[Event "Titled Tuesday intern op 27th Apr"]
[Site "Chess.com INT"]
[Date "2021.04.27"]
[Round "5"]
[White "Meekins, Kristopher"]
[Black "Mickiewicz, Piotr"]
[Result "1/2-1/2"]
[WhiteElo "2146"]
[BlackElo "2247"]
[PlyCount "100"]
[EventDate "2021.04.27"]
[EventType "swiss (blitz)"]
[EventRounds "11"]
[EventCountry "USA"]
[SourceTitle "CBM 202 Extra"]
[Source "ChessBase"]
[SourceDate "2021.07.31"]
[SourceVersion "1"]
[SourceVersionDate "2021.07.31"]
[SourceQuality "1"]

1. e4 c5 2. d4 cxd4 3. c3 d3 4. Bxd3 Nc6 5. c4 Nf6 6. Nf3 d6 7. h3 g6 8. 0-0 Bg7 9. Nc3 0-0 10. Be3 b6 11. Rc1 Bb7 12. Qd2 Rc8 13. b3 Qd7 14. Rfd1 Rfd8 15. Bh6 Bxh6 16. Qxh6 Ne5 17. Nxe5 dxe5 18. Bc2 Qc7 19. Qe3 Qc5 20. Qxc5 bxc5 21. Rxd8+ Rxd8 22. Kf1 e6 23. Ke2 Bc6 24. Rd1 Rd4 25. f3 Nh5 26. Ke3 g5 27. Ne2 Rxd1 28. Bxd1 Nf4 29. Nxf4 exf4+ 30. Kd3 Kg7 31. Kc3 Kf6 32. a3 Ke5 33. b4 f5 34. exf5 exf5 35. bxc5 h5 36. Be2 a5 37. Bd1 g4 38. Be2 gxh3 39. gxh3 h4 40. Bd1 Be8 41. Be2 Ba4 42. Kd3 Bc6 43. Kc3 Bb7 44. Kd3 Bc6 45. Kc3 Ba4 46. Kd3 Bd7 47. Kc3 Be6 48. Kd3 Bf7 49. Kc3 Be8 50. Kd3 Bc6 1/2-1/2

[Event "Titled Tuesday intern op 27th Apr"]
[Site "Chess.com INT"]
[Date "2021.04.27"]
[Round "6"]
[White "Meekins, Kristopher"]
[Black "Pein, Jonathan"]
[Result "0-1"]
[WhiteElo "2146"]
[BlackElo "2200"]
[PlyCount "80"]
[EventDate "2021.04.27"]
[EventType "swiss (blitz)"]
[EventRounds "11"]
[EventCountry "USA"]
[SourceTitle "CBM 202 Extra"]
[Source "ChessBase"]
[SourceDate "2021.07.31"]
[SourceVersion "1"]
[SourceVersionDate "2021.07.31"]
[SourceQuality "1"]

1. e4 d6 2. d4 Nf6 3. Nc3 Nc6 4. Nf3 Bg4 5. Be2 e5 6. d5 Ne7 7. Be3 Ng6 8. Nd2 Bd7 9. 0-0 Be7 10. Bd3 c6 11. Bc4 b5 12. Bb3 c5 13. a4 c4 14. Ba2 a6 15. f3 Nh5 16. b3 b4 17. Ne2 c3 18. Nc4 0-0 19. g3 Bh3 20. Rf2 a5 21. Bb6 Qc8 22. Bxa5 Nhf4 23. gxf4 Bh4 24. Bb6 exf4 25. Bd4 Qd8 26. Kh1 Qg5 27. Qg1 Qh5 28. a5 f5 29. Nxd6 fxe4 30. fxe4 Bg4 31. Re1 Bf3+ 32. Rg2 Bxe1 33. Qxe1 Bxg2+ 34. Kxg2 f3+ 35. Kg1 fxe2 36. Nf5 Qg4+ 37. Ng3 Rf1+ 38. Qxf1 exf1Q+ 39. Kxf1 Qd1+ 40. Kg2 Qxd4 0-1